| 000 | 00664na a2200229 4500 | ||
|---|---|---|---|
| 001 | 17909 | ||
| 003 | MIRAKIL | ||
| 005 | 20181213154729.0 | ||
| 008 | 161108b tu 000 0 | ||
| 020 | _a9751916356 | ||
| 035 | _a17909 | ||
| 040 |
_aMilas _btur _cTR-AnCHP |
||
| 041 |
_atur _aeng |
||
| 082 |
_a331.31 _bÇ61 1997 |
||
| 090 | _a331.31 Ç61 1997 | ||
| 245 |
_aÇocuk işgücü _b= child labour _cDevlet İstatistik Enstitüsü |
||
| 260 |
_aAnkara _bDevlet İstatistik Enstitüsü (DİE) _c1997 |
||
| 300 |
_a109 s. _btbl. _c29 sm. |
||
| 650 |
_aÇocuk işçiler _xİstatistikler _zTürkiye |
||
| 710 | _aDevlet İstatistik Enstitüsü | ||
| 942 |
_2ddc _cBKS |
||
| 999 |
_c11 _d11 |
||